La sinagoga de los iconoclastas /

Detalles Bibliográficos
Formato: Libro
Lenguaje:inglés
Publicado: Barcelona Anagrama 2010
Acceso en línea:

MARC

LEADER 00000cam a2200000 a 4500
001 035707
003 UAHC_CL
005 20170803123911.0
008 150107b xx j 000 1 eng
020 |a 9788433930095 
040 |a UAHC_CL  |c UAHC_CL  |d UAHC_CL 
245 1 3 |a La sinagoga de los iconoclastas /  |c J. Rodolfo Wilcock. 
260 |b Anagrama  |a Barcelona  |c 2010 
300 |a 171 p. 
900 |a nti 
942 |c BK 
952 |0 0  |1 0  |4 0  |6 NTI  |7 0  |8 General  |9 67906  |a BC  |b BC  |c General  |d 2017-08-03  |l 0  |m 3  |o nti  |p 1421604  |q 2018-01-11  |r 2017-08-03 00:00:00  |t 1  |w 2017-08-03  |y BK 
999 |c 35707  |d 35707